<?xml version="1.0" encoding="UTF-8"?><?xml-stylesheet type="text/xsl" href="static/style.xsl"?><OAI-PMH xmlns="http://www.openarchives.org/OAI/2.0/" xmlns:xsi="http://www.w3.org/2001/XMLSchema-instance" xsi:schemaLocation="http://www.openarchives.org/OAI/2.0/ http://www.openarchives.org/OAI/2.0/OAI-PMH.xsd"><responseDate>2026-04-17T17:30:28Z</responseDate><request verb="GetRecord" identifier="oai:www.recercat.cat:2445/221318" metadataPrefix="marc">https://recercat.cat/oai/request</request><GetRecord><record><header><identifier>oai:recercat.cat:2445/221318</identifier><datestamp>2025-12-05T12:58:39Z</datestamp><setSpec>com_2072_1057</setSpec><setSpec>col_2072_478854</setSpec><setSpec>col_2072_478917</setSpec></header><metadata><record xmlns="http://www.loc.gov/MARC21/slim" xmlns:dcterms="http://purl.org/dc/terms/" xmlns:xsi="http://www.w3.org/2001/XMLSchema-instance" xmlns:doc="http://www.lyncode.com/xoai" xsi:schemaLocation="http://www.loc.gov/MARC21/slim http://www.loc.gov/standards/marcxml/schema/MARC21slim.xsd">
   <leader>00925njm 22002777a 4500</leader>
   <datafield ind2=" " ind1=" " tag="042">
      <subfield code="a">dc</subfield>
   </datafield>
   <datafield ind2=" " ind1=" " tag="720">
      <subfield code="a">Vidal Franquet, Jacobo</subfield>
      <subfield code="e">author</subfield>
   </datafield>
   <datafield ind2=" " ind1=" " tag="260">
      <subfield code="c">2025-06-02T16:08:55Z</subfield>
   </datafield>
   <datafield ind2=" " ind1=" " tag="260">
      <subfield code="c">2025-06-02T16:08:55Z</subfield>
   </datafield>
   <datafield ind2=" " ind1=" " tag="260">
      <subfield code="c">2001</subfield>
   </datafield>
   <datafield ind2=" " ind1=" " tag="260">
      <subfield code="c">2025-06-02T16:08:56Z</subfield>
   </datafield>
   <datafield ind2=" " ind1=" " tag="520">
      <subfield code="a">[spa] En este artículo se ponen en &lt;luda la autoría (Joan Dessi) y la cronología (1599)&#xd;
tradicionalmente aceptadas para la tabla de la Verge dels Procuradors, obra hoy en día conservada en el Ayuntamiento de Tortosa. Esta se lleva a cabo por tres vías. Primera: la comparación estilística con otras obras documentadas o atribuidas a la estirpe de los Dessi. Segunda: estudio de la similitud iconográfíca de la tabla con las representaciones de la Baixada de la Cinta, tema que, según el autor, no se desarrolló antes del siglo XVII. Tercera: analísis del "contenido ético" de la obra, que ha de relacionarse con los hechos revolucionarios, y, sobretodo, contrarevolucionarios de 1640.</subfield>
   </datafield>
   <datafield ind2=" " ind1=" " tag="520">
      <subfield code="a">[eng] This essay questions both the authorship (Joan Dessi) and the dating (1599), which had traditionally been accepted, of the panet of la Verge dels Procuradors, work preserved in the Town Hali of Tortosa. This is done through three main lines. First, the stylistic comparison with other attributed or documented works by the Dessi family. Second, the study of the íconographic resemblance of this panel wich the representations of the Baixada de la Cinta, since, according to the author, this subject didn't appear before the l 71i century. Finally, the analysis of the "ethical content" of the painting, which ought to be related to the revolutionary and counter-revolutionary deeds of 1640.</subfield>
   </datafield>
   <datafield tag="653" ind2=" " ind1=" ">
      <subfield code="a">Iconografia</subfield>
   </datafield>
   <datafield tag="653" ind2=" " ind1=" ">
      <subfield code="a">Pintura sobre taula</subfield>
   </datafield>
   <datafield tag="653" ind2=" " ind1=" ">
      <subfield code="a">Tortosa (Catalunya)</subfield>
   </datafield>
   <datafield tag="653" ind2=" " ind1=" ">
      <subfield code="a">Iconography</subfield>
   </datafield>
   <datafield tag="653" ind2=" " ind1=" ">
      <subfield code="a">Panel painting</subfield>
   </datafield>
   <datafield tag="653" ind2=" " ind1=" ">
      <subfield code="a">Tortosa (Catalonia)</subfield>
   </datafield>
   <datafield ind2="0" ind1="0" tag="245">
      <subfield code="a">La Verge dels Procuradors, un altre element de la contrarevolta</subfield>
   </datafield>
</record></metadata></record></GetRecord></OAI-PMH>